000 00344nam a2200133Ia 4500
008 240624s9999 xx 000 0 und d
041 _aeng
082 _a658.4 SCH
100 _aSCHRAGIS STEVEN
245 _a10 CLOWNS DON T MAKE A CIRCUS
260 _c2006
_aMassachusetts
_bAdams Media
300 _aiv, : 298 : p. : cm. ; 17
365 _c
_b20
999 _c11726
_d11726